| 000 | 00346nam a22001337a 4500 | ||
|---|---|---|---|
| 020 | _a9789382471677 | ||
| 082 |
_a631.3068 _bPAD/PE |
||
| 100 |
_aPadma,S.R _9842 |
||
| 100 |
_aRathakrishnan,T _9843 |
||
| 245 | _aPerspectives of Stakeholders on Precision Farming | ||
| 260 |
_aDelhi _bNarendra Publishing House _c2014 |
||
| 300 | _a220 | ||
| 942 | _cBK | ||
| 999 |
_c14492 _d14492 |
||